| 000 | 00347nam a22001337a 4500 | ||
|---|---|---|---|
| 008 | 230619b xxu||||| |||| 00| 0 eng d | ||
| 082 | _a304.66 | ||
| 100 | _cGOK | ||
| 245 |
_aThe 2009 kenya population and housing census _bPopulation Distribution by Political Units |
||
| 260 | _aKenya | ||
| 300 | _a297p | ||
| 440 | _vVolume IB | ||
| 942 |
_2ddc _cBK |
||
| 999 |
_c1330 _d1330 |
||